[Event "Brno Duras op-B"]
[Site "Brno"]
[Date "2014.07.02"]
[Round "5"]
[White "Kubackova, Alena"]
[Black "Urbanec, Vladimir"]
[Result "0-1"]
[WhiteElo "1250"]
[BlackElo "1481"]
[PlyCount "35"]
[EventDate "2014.06.28"]
[EventType "swiss"]
[EventRounds "9"]
[EventCountry "CZE"]
[SourceTitle "EXT 2017"]
[Source "ChessBase"]
[SourceDate "2016.10.25"]
[SourceVersion "1"]
[SourceVersionDate "2016.10.25"]
[SourceQuality "1"]

1. e4 d6 2. d4 g6 3. Nf3 Bg7 4. Nc3 a6 5. Bc4 e6 6. 0-0 b5 7. Bb3 Bb7 8. Re1 Ne7 9. Bg5 h6 10. Bxe7 Qxe7 11. d5 e5 12. Qd3 Nd7 13. Rad1 Nc5 14. Qe3 h5 15. Qg5 Qd7 16. a3 Qg4 17. Nh4 Qxg5 18. Re3 0-1